| 000 | 00000nam##2200000za#4500 |
| 001 | 9.569323 |
| 003 | CaOODSP |
| 005 | 20210624181720 |
| 007 | cr ||||||||||| |
| 008 | 150406|2004||||xxc|||||o f|0| 0 eng|d |
| 040 | |aCaOODSP|beng |
| 043 | |an-cn--- |
| 086 | 1 |aNH18-1-2/4-2004E-PDF |
| 110 | 2 |aCanada Mortgage and Housing Corporation. |
| 245 | 10|aIntergenerational home sharing and secondary suites in Québec City suburbs : |h[electronic resource]|bfamily projects and urban planning regulations / |cby Manon Boulianne. |
| 260 | |aOttawa - Ontario : |bCanada Mortgage and Housing Corporation |cFebruary 2004. |
| 300 | |a75p.|bfigs., references, tables |
| 490 | 1 |aResearch report |
| 590 | |a12-25-Supp|b2012-06-04 |
| 720 | 1 |aBoulianne, Manon |
| 775 | 08|tCohabitation intergénérationnelle et logement supplémentaire dans les banlieues de Québec : |w(CaOODSP)9.600540 |
| 830 | #0|aResearch report (Canada Mortgage and Housing Corporation : Online)|w(CaOODSP)9.506068 |
| 856 | 40|ahttp://publications.gc.ca|qPDF|s4 MB|uhttps://publications.gc.ca/collections/collection_2011/schl-cmhc/nh18-1-2/NH18-1-2-4-2004-eng.pdf |